000 00534nam a2200193Ia 4500
005 20260120131819.0
008 008 260114s9999 xx 000 0 eng d
020 _a9781383010107
037 _aEBOOK
040 _aCRL
_beng
_cCRL
041 _aeng
_2eng
084 _qCRL
100 _aIngram
_9931508
245 0 _aBritains Persian Connection 1798-1828
260 _bOxford University PressOxford University Press
_c2023
856 _uhttps://academic.oup.com/book/47470
942 _cEBOOK
999 _c1523430
_d1523430